000 01047nam a22003137a 4500
001 BR8703204
003 BR-BrBNA
005 20230928092600.0
007 ta
008 230509b bl.||||| |||| 00| 0 por d
040 _aBR-BrBNA
_bpor
_cBiblioteca Nacional de Agricultura
041 _a(Por)
072 _aF01
_b0336
_b/G514
090 _ 0336 BR8703204
100 1 _aBarros, W. (comp.)
100 1 _aSedyama, T.
100 1 _aCardoso, A.A.
100 1 _aVieira, C.
110 1 _aUniversidade Federal de Vicosa, MG (Brasil). Centro de Ensino de Extensao;
_910968
110 1 _aAssociacao de Credito e Assistencia Rural, Belo Horizonte, MG (Brasil)
_9511
245 1 _aSoja. Testes preliminares sobre os efeitos do retardamento da colheita da soja, cultivar "Vicosa [Minas Gerais]
_bConvenio U.F.V./ABCAR
260 3 _aVicosa, MG (Brasil):
_c1973.
300 _a3 p.
500 _aReprint of "Revista Ceres" 19(104): 306-310, 1972
650 _aSOJA
650 _aCOLHEITA
909 _a202309
_bLucia
_c55
_dLucia Elande
942 _cBK
999 _c39959
_d39959